000
003290000a22001450004500
003
MACL
040
_a
MACL
090
_c
48318
_d
48316
100
_a
Mukhopadhyay,S.C.
245
_a
River Dynamics of West Bengal Vol-II
260
_a
Kolkata
_b
Tapan
_c
2010
650
_a
Science
942
_c
BOOK
_k
554/MUK
951
_o
554/MUK BOOK
999
_c
47808
_d
47808